000 01374nam a22003494a 4500
001 ebr10067227
003 CaPaEBR
006 m u
007 cr cn|||||||||
008 020918s2003 maua sb 001 0 eng
010 _z 2002035707
020 _z1402073240 (alk. paper)
040 _aCaPaEBR
_cCaPaEBR
035 _a(OCoLC)614670956
050 1 4 _aTK7895.E42
_bG78 2003eb
082 0 4 _a004.2/56
_221
100 1 _aGrun, Peter.
245 1 0 _aMemory architecture exploration for programmable embedded systems
_h[electronic resource] /
_cPeter Grun, Nikil Dutt, Alex Nicolau.
260 _aBoston :
_bKluwer Academic Publishers,
_cc2003.
300 _axvi, 128 p. :
_bill.
504 _aIncludes bibliographical references (p. [121]-126) and index.
533 _aElectronic reproduction.
_bPalo Alto, Calif. :
_cebrary,
_d2013.
_nAvailable via World Wide Web.
_nAccess may be limited to ebrary affiliated libraries.
650 0 _aEmbedded computer systems.
650 0 _aSemiconductor storage devices.
650 0 _aComputer architecture.
650 0 _aProgrammable controllers.
655 7 _aElectronic books.
_2local
700 1 _aDutt, Nikil.
700 1 _aNicolau, Alexandru.
710 2 _aebrary, Inc.
856 4 0 _uhttp://site.ebrary.com/lib/rucke/Doc?id=10067227
_zAn electronic book accessible through the World Wide Web; click to view
999 _c164274
_d164274